Statistics for OAPEC Members

Click here to take the quiz!

General Stats

  • This quiz has been taken 9 times
  • The average score is 9 of 11

Answer Stats

Answer% Correct
Qatar 🇶🇦
100%
Saudi Arabia 🇸🇦
100%
Algeria 🇩🇿
89%
Iraq 🇮🇶
89%
Kuwait 🇰🇼
89%
United Arab Emirates 🇦🇪
89%
Bahrain 🇧🇭
78%
Egypt 🇪🇬
78%
Libya 🇱🇾
78%
Syria 🇸🇾
67%
Tunisia 🇹🇳
56%

Score Distribution

Percentile by Number Answered

Percent of People with Each Score

Your Score History

You have not taken this quiz